| 000 | 00376nam a2200133Ia 4500 | ||
|---|---|---|---|
| 008 | 220217s9999||||xx |||||||||||||| ||und|| | ||
| 082 | _a658.403 8 BOQ | ||
| 100 |
_aBoqtright, John, R _93046 |
||
| 245 | 0 | _aEthics and the conduct of business | |
| 250 | _a4th | ||
| 260 |
_aPearson education asia _bNew Delhi _c2003 |
||
| 300 | _b250 | ||
| 650 |
_aENGINEERING ETHICS _93047 |
||
| 999 |
_c170747 _d170747 |
||